MARC details
| 000 -CABECERA |
| campo de control de longitud fija |
02320nam a2200457Ia 4500 |
| 001 - NÚMERO DE CONTROL |
| campo de control |
dia_5256 |
| 003 - IDENTIFICADOR DEL NÚMERO DE CONTROL |
| campo de control |
CHAP |
| 005 - FECHA Y HORA DE LA ÚLTIMA TRANSACCIÓN |
| campo de control |
20250729114342.0 |
| 007 - CAMPO FIJO DE DESCRIPCIÓN FÍSICA--INFORMACIÓN GENERAL |
| campo de control de longitud fija |
ta |
| 008 - DATOS DE LONGITUD FIJA--INFORMACIÓN GENERAL |
| campo de control de longitud fija |
220117s2013 mx abdofr 001 0 spa d |
| 040 ## - FUENTE DE LA CATALOGACIÓN |
| Centro/agencia transcriptor |
CHAP |
| Centro catalogador/agencia de origen |
mxchpua |
| 090 ## - LOCALMENTE ASIGNADO TIPO-LC NÚMERO DE CLASIFICACIÓN (OCLC); NÚMERO DE CLASIFICACIÓN LOCAL (RLIN) |
| Número de clasificación (OCLC) (R) ; Numero de clasificación, CALL (RLIN) (NR) |
T.C.607 |
| Número cutter local (OCLC) ; Número de libro/Signatura topográfica íntegra, CALL (RLIN) |
A83 IAI |
| Año |
2013 |
| 245 10 - MENCIÓN DE TÍTULO |
| Título |
Región noroeste de la península de Yucatán : |
| Resto del título |
Yucatán y Campeche / |
| Mención de responsabilidad, etc. |
coordinador J. Rogelio Ascencio Rivera ; colaboradores Michel Aguilar Godínez...[et al.] |
| 260 ## - PUBLICACIÓN, DISTRIBUCIÓN, ETC. |
| Lugar de publicación, distribución, etc. |
México : |
| Nombre del editor, distribuidor, etc. |
El autor, |
| Fecha de publicación, distribución, etc. |
2013 |
| 300 ## - DESCRIPCIÓN FÍSICA |
| Extensión |
vi, 86 hojas : |
| Otras características físicas |
ilustraciones, mapas, gráfocas, diagramas, tablas, fotos |
| 336 ## - TIPO DE CONTENIDO |
| Fuente |
rdacontent |
| Término de tipo de contenido |
texto |
| Código de tipo de contenido |
txt |
| 337 ## - TIPO DE MEDIO |
| Fuente |
rdamedia |
| Nombre/término del tipo de medio |
no mediado |
| Código del tipo de medio |
n |
| 338 ## - TIPO DE SOPORTE |
| Fuente |
rdacarrier |
| Nombre/término del tipo de soporte |
volumen |
| Código del tipo de soporte |
nc |
| 500 ## - NOTA GENERAL |
| Nota general |
5° año Grupo 1 --<br/>Directorio en reporte. |
| 502 ## - NOTA DE TESIS |
| Nota de tesis |
Viaje de estudios |
| Tipo de título |
(IAI) -- |
| Nombre de la institución que otorga el título |
UACh. Departamento de Ingeniería Agroindustrial, |
| Año de obtención del título |
2013 |
| 504 ## - NOTA DE BIBLIOGRAFÍA, ETC. |
| Nota de bibliografía, etc. |
Bibliografía: hojas 85-86 |
| 505 ## - NOTA DE CONTENIDO CON FORMATO |
| Nota de contenido con formato |
Empresas visitadas: |
| Título |
1. Integradora Agroindustrial MIRA, S. A. de C. V. -- <br/>2. Promotora Agroindustrial de Yucatán, S. A. de C. V. (PADYSA) -- <br/>3. Organización de Productores de Miel Maya de San Antonio Tesip, Mérida, Yucatán -- <br/>4. FIRA -- <br/>5. SAGARPA Yucatán -- <br/>6. Flores Finas de Teya -- <br/>7. Oaxaca Miel, S. A. de C. V. -- <br/>8. Productos Richaud, S. A. de C. V. -- <br/>9. Chocolates de Mora -- <br/>10. FIRA Campeche |
| 650 13 - PUNTO DE ACCESO ADICIONAL DE MATERIA--TÉRMINO DE MATERIA |
| Término de materia o nombre geográfico como elemento de entrada |
Chocolate |
| 9 (RLIN) |
22816 |
| 650 13 - PUNTO DE ACCESO ADICIONAL DE MATERIA--TÉRMINO DE MATERIA |
| Término de materia o nombre geográfico como elemento de entrada |
Industria de productos agrícolas |
| 9 (RLIN) |
158008 |
| Subdivisión geográfica |
México |
| -- |
Campeche |
| 650 10 - PUNTO DE ACCESO ADICIONAL DE MATERIA--TÉRMINO DE MATERIA |
| Término de materia o nombre geográfico como elemento de entrada |
Industria de productos agrícolas |
| Subdivisión geográfica |
México |
| -- |
Yucatán |
| 9 (RLIN) |
157103 |
| 650 13 - PUNTO DE ACCESO ADICIONAL DE MATERIA--TÉRMINO DE MATERIA |
| Término de materia o nombre geográfico como elemento de entrada |
Miel y productos producidos por abejas |
| 9 (RLIN) |
158009 |
| Subdivisión geográfica |
México |
| -- |
Campeche |
| 650 13 - PUNTO DE ACCESO ADICIONAL DE MATERIA--TÉRMINO DE MATERIA |
| Término de materia o nombre geográfico como elemento de entrada |
Miel y productos producidos por abejas |
| 9 (RLIN) |
158010 |
| Subdivisión geográfica |
México |
| -- |
Yucatán |
| 650 13 - PUNTO DE ACCESO ADICIONAL DE MATERIA--TÉRMINO DE MATERIA |
| Término de materia o nombre geográfico como elemento de entrada |
Horticultural products industry |
| 9 (RLIN) |
158007 |
| Subdivisión geográfica |
Mexico |
| -- |
Yucatán |
| 650 13 - PUNTO DE ACCESO ADICIONAL DE MATERIA--TÉRMINO DE MATERIA |
| Término de materia o nombre geográfico como elemento de entrada |
Horticultural products industry |
| 9 (RLIN) |
158006 |
| Subdivisión geográfica |
Mexico |
| -- |
Campeche |
| 650 10 - PUNTO DE ACCESO ADICIONAL DE MATERIA--TÉRMINO DE MATERIA |
| Término de materia o nombre geográfico como elemento de entrada |
Honey and bee products |
| Subdivisión geográfica |
Mexico |
| -- |
Yucatán |
| 9 (RLIN) |
157987 |
| 650 10 - PUNTO DE ACCESO ADICIONAL DE MATERIA--TÉRMINO DE MATERIA |
| Término de materia o nombre geográfico como elemento de entrada |
Honey and bee products |
| Subdivisión geográfica |
Mexico |
| -- |
Campeche |
| 9 (RLIN) |
158005 |
| 700 1# - PUNTO DE ACCESO ADICIONAL--NOMBRE DE PERSONA |
| Nombre de persona |
Ascencio Rivera, J. Rogelio |
| 9 (RLIN) |
154289 |
| Término indicativo de función/relación |
coordinador |
| 700 1# - PUNTO DE ACCESO ADICIONAL--NOMBRE DE PERSONA |
| Nombre de persona |
Aguilar Godinez, Michel |
| 9 (RLIN) |
157303 |
| Término indicativo de función/relación |
colaborador |
| 942 ## - ELEMENTOS DE PUNTO DE ACCESO ADICIONAL (KOHA) |
| Fuente del sistema de clasificación o colocación |
Clasificación Universidad Autónoma de Chapingo |
| 901 ## - ELEMENTOS DE DATOS A LOCAL LDA (RLIN) |
| a |
T.C.607 A83 IAI 2013 |
| 902 ## - ELEMENTOS DE DATOS B LOCAL, LDB (RLIN) |
| a |
M |
| 905 ## - ELEMENTOS DE DATOS E LOCAL, LDE (RLIN) |
| a |
5232272013 mx aimn8223223322spa16 |
| 942 ## - ELEMENTOS DE PUNTO DE ACCESO ADICIONAL (KOHA) |
| Tipo de ítem Koha |
Viaje de Estudios |